000 01026nam a2200229 i 4500
001 57256
003 ES-MaACL
005 20250818102558.0
007 t|
008 031015m19491950sp ||||1| spa d
245 0 0 _aDocumentos sobre relaciones internacionales de los Reyes Católicos /
_cedición preparada por Antonio de la Torre.
260 _aBarcelona :
_bConsejo Superior de Investigaciones Científicas, Patronato Marcelino Menéndez Pelayo,
_c1949-1950 (
_fAtenas)
300 _a2 v. ;
_c26 cm.
490 1 _aBiblioteca "Reyes Católicos" ;
_vI.- Documentos y textos
505 8 _aContiene: I.- 1479-1483.- XIII + 488 pág. -- II. 1484-1487. 624 pág. + 1 hoj.
651 _aEspaña-
_xHistoria-
_y1474-1516, Reyes Católicos-
_vFuentes.
_98223
700 1 _aTorre y del Cerro, Antonio de la.
_9110794
710 2 _aPatronato "Marcelino Menéndez Pelayo"
_96189
830 0 0 _aBiblioteca Reyes Católicos (CSIC)
_vI.- Documentos y textos
_9230424
852 _aES-MaACL
_jP-952
999 _c57256
_d57256